000 00887nam a2200217Ia 4500
003 Ost
005 20260507075643.0
008 260507s9999||||xx |||||||||||||| ||und||
040 _cfsecg
041 _aara
082 _a343.03
100 _aسيد أحمد، ابراهيم
_eمؤلف
245 0 _aعقد الوديعة فقها وفضاء /
_c ابراهيم سيد أحمد
260 _aالإسكندرية:
_bالمكتب الجامعي الحديث,
_c2003
300 _a288 صفحة؛
_bإيضاحات ؛
_c25 سم
490 _aسلسلة العقود القانونية المسماة 2
520 _aأحكام وقواعد عقد الوديعة، التعريف بعقد الوديعة، التزمات المودع عنده، التزمات المودع، المبادئ القضائية
653 _aالعقود
653 _aالودائع
942 _cكتاب
999 _c45448
_d45448